000 01699ngm a22002897a 4500
005 20080708143856.0
007 cd
008 080708t xxu||||| |||| 00| 0 eng d
010 _aDVD-000073-75
024 _cRs.99.00
037 _a0173/ 12-05-08
040 _aDpl
082 _aCD / PANC
245 _aPanchatantra Tales -2
_cProduced and Published by Vision Interactive Systems
_hCD-Rom
260 _aBanglore
_bVision Interactive Systems
_c2008
300 _a1 disc (CD)
440 _aBuzzers Series
500 _a10 Animated Stories for 3-8 years
500 _aThe famous stories from Panchatantra. These are fun find stories that have good moral values. The stories are interestingly presented for children with colorful visuals, animation and clear narration.
538 _aMinimus system reauirements: P-III & above, 64 MB RAM, CD-Rom Drive, Windows XP/2000/MW/NT, 256 Color VGA Display
650 _2Animated Stories
942 _cCF
_hCD / PANC
_2ddc
999 _c14477
_d14477